kku e-library facility

Operating System (Record no. 92)

MARC details
000 -LEADER
fixed length control field 00352nam a22001337a 4500
005 - DATE AND TIME OF LATEST TRANSACTION
control field 20251008110848.0
008 - FIXED-LENGTH DATA ELEMENTS--GENERAL INFORMATION
fixed length control field 251008b |||||||| |||| 00| 0 eng d
020 ## - INTERNATIONAL STANDARD BOOK NUMBER
International Standard Book Number 978-93-5269-116-6
082 ## - DEWEY DECIMAL CLASSIFICATION NUMBER
Classification number LC
100 ## - MAIN ENTRY--PERSONAL NAME
Personal name Dr. Jain Suchi
Dates associated with a name 2019
245 ## - TITLE STATEMENT
Title Operating System
Remainder of title /operating system
Statement of responsibility, etc. /Dr.Suchi Jain
260 ## - PUBLICATION, DISTRIBUTION, ETC.
Place of publication, distribution, etc. india
Name of publisher, distributor, etc. Random
Date of publication, distribution, etc. 2019
942 ## - ADDED ENTRY ELEMENTS (KOHA)
Source of classification or shelving scheme Dewey Decimal Classification
Koha item type Books
Suppress in OPAC No

No items available.

©2025 All rights reserved. KKU